Multipliers : (Record no. 3587)

000 -LEADER
fixed length control field nam a22 a 4500
003 - CONTROL NUMBER IDENTIFIER
control field AKMAL
005 - DATE AND TIME OF LATEST TRANSACTION
control field 20170523114545.0
008 - FIXED-LENGTH DATA ELEMENTS--GENERAL INFORMATION
fixed length control field 170523t2010 nyu e 001 0 eng d
020 ## - INTERNATIONAL STANDARD BOOK NUMBER
International Standard Book Number 9780061964398 :
Terms of availability RM84.90
082 04 - DEWEY DECIMAL CLASSIFICATION NUMBER
Classification number 658.4092 WIS
Edition number 22
090 20 - LOCALLY ASSIGNED LC-TYPE CALL NUMBER (OCLC); LOCAL CALL NUMBER (RLIN)
Classification number (OCLC) (R) ; Classification number, CALL (RLIN) (NR) 658.4092
Local cutter number (OCLC) ; Book number/undivided call number, CALL (RLIN) WIS
100 1# - MAIN ENTRY--PERSONAL NAME
Personal name Wiseman, Liz
9 (RLIN) 7126
245 10 - TITLE STATEMENT
Title Multipliers :
Remainder of title how the best leaders make everyone smarter /
Statement of responsibility, etc. Liz Wiseman with Greg Mckeown
260 ## - PUBLICATION, DISTRIBUTION, ETC.
Place of publication, distribution, etc. New York :
Name of publisher, distributor, etc. HarperCollins Publishers,
Date of publication, distribution, etc. 2010
300 ## - PHYSICAL DESCRIPTION
Extent xiii, 268p. ;
Dimensions 23cm.
504 ## - BIBLIOGRAPHY, ETC. NOTE
Bibliography, etc. note Includes bibliographical references and index
650 10 - SUBJECT ADDED ENTRY--TOPICAL TERM
Topical term or geographic name entry element Leadership
9 (RLIN) 120
650 20 - SUBJECT ADDED ENTRY--TOPICAL TERM
Topical term or geographic name entry element Employee motivation
9 (RLIN) 2790
650 20 - SUBJECT ADDED ENTRY--TOPICAL TERM
Topical term or geographic name entry element Executive ability
9 (RLIN) 1222
650 20 - SUBJECT ADDED ENTRY--TOPICAL TERM
Topical term or geographic name entry element Excellence
9 (RLIN) 1279
700 1# - ADDED ENTRY--PERSONAL NAME
Personal name McKeown, Greg
9 (RLIN) 7127
942 ## - ADDED ENTRY ELEMENTS (KOHA)
Source of classification or shelving scheme
Koha item type Book
Holdings
Withdrawn status Lost status Source of classification or shelving scheme Damaged status Not for loan Collection code Home library Current library Shelving location Date acquired Inventory number Total Checkouts Full call number Barcode Date last seen Price effective from Koha item type
          NON-FICTION AKMAL Melaka AKMAL Melaka PINJAMAN 23.05.2017 602544   658.4092 WIS 201704483 23.05.2017 23.05.2017 Book
          NON-FICTION AKMAL Melaka AKMAL Melaka PINJAMAN 23.05.2017 602544   658.4092 WIS 201704484 23.05.2017 23.05.2017 Book
Pusat Sumber Maklumat Dato' Haji Sarmin Md Hussin, Akademi Kastam Diraja Malaysia, Melaka
Tel: 06-2331106 | Faks: 06-2313787